[Event "IECG CA.2006.0.00169 email"]
[Site "IECG email"]
[Date "2006.03.19"]
[Round "1"]
[White "Carroll, Patrick J"]
[Black "Lannaioli, Alfonsino"]
[Result "1-0"]
[WhiteElo "2196"]
[BlackElo "2030"]
[PlyCount "39"]
[EventDate "2006.03.19"]
[EventType "tourn (corr)"]
[EventRounds "6"]
[SourceTitle "Corr 2008"]
[Source "ChessBase"]
[SourceDate "2008.06.24"]
[SourceVersion "1"]
[SourceVersionDate "2008.06.24"]
[SourceQuality "1"]

1. e4 e5 2. Nf3 Nf6 3. Nxe5 d6 4. Nf3 Nxe4 5. d4 d5 6. Bd3 Nc6 7. 0-0 Bg4 8. c4 Nf6 9. Nc3 Bxf3 10. Qxf3 Nxd4 11. Qh3 dxc4 12. Bxc4 Be7 13. Bg5 Qc8 14. Qe3 Ne6 15. Bxf6 Bxf6 16. Ne4 Bxb2 17. Rab1 Be5 18. Bxe6 fxe6 19. Qg5 Bd4 20. Rfd1 1-0

[Event "IECG CA.2006.0.00166 email"]
[Site "IECG email"]
[Date "2006.03.05"]
[Round "?"]
[White "Bernal Varela, Nelson"]
[Black "Lannaioli, Alfonsino"]
[Result "1/2-1/2"]
[WhiteElo "2141"]
[BlackElo "2056"]
[PlyCount "66"]
[EventDate "2006.03.05"]
[EventType "tourn (corr)"]
[EventRounds "6"]
[SourceTitle "Corr 2008"]
[Source "ChessBase"]
[SourceDate "2008.06.24"]
[SourceVersion "1"]
[SourceVersionDate "2008.06.24"]
[SourceQuality "1"]

1. e4 e5 2. Nf3 Nc6 3. Bb5 a6 4. Ba4 Nf6 5. 0-0 Bc5 6. c3 b5 7. Bc2 d6 8. d4 Bb6 9. dxe5 Nxe5 10. Nxe5 dxe5 11. Qxd8+ Kxd8 12. Nd2 Bg4 13. h3 Bh5 14. g4 Bg6 15. Kg2 Kc8 16. Re1 Kb7 17. a4 Nd7 18. Nf3 f6 19. b4 Bf7 20. Nh4 Rad8 21. Rd1 g6 22. Bh6 Be6 23. Rd3 c6 24. Rad1 Bc7 25. axb5 cxb5 26. g5 Rhg8 27. Nf3 f5 28. R3d2 Kc8 29. Ra1 Kb7 30. Re1 f4 31. Red1 Kb8 32. Ne1 Nb6 33. Rxd8+ Bxd8 1/2-1/2

[Event "IECG CA.2006.0.00166 email"]
[Site "IECG email"]
[Date "2006.03.05"]
[Round "?"]
[White "Lannaioli, Alfonsino"]
[Black "Keller, Martin"]
[Result "1/2-1/2"]
[WhiteElo "2056"]
[BlackElo "2147"]
[PlyCount "61"]
[EventDate "2006.03.05"]
[EventType "tourn (corr)"]
[EventRounds "6"]
[SourceTitle "Corr 2008"]
[Source "ChessBase"]
[SourceDate "2008.06.24"]
[SourceVersion "1"]
[SourceVersionDate "2008.06.24"]
[SourceQuality "1"]

1. e4 c5 2. c3 Nf6 3. e5 Nd5 4. d4 cxd4 5. Nf3 Nc6 6. Bc4 Nb6 7. Bb3 g6 8. cxd4 Bg7 9. 0-0 d5 10. Nc3 0-0 11. Be3 Bg4 12. h3 Bxf3 13. Qxf3 e6 14. Rac1 f6 15. exf6 Rxf6 16. Qg4 Qd6 17. Ne2 a5 18. h4 a4 19. Bc2 Nc4 20. Bg5 Rf7 21. h5 gxh5 22. Qxh5 Bxd4 23. b3 N4e5 24. Bh6 Bb2 25. Rb1 a3 26. Nf4 Ne7 27. Rbd1 Qd7 28. Rfe1 Nf5 29. Re2 Kh8 30. Bb1 Rg8 31. Bg5 1/2-1/2

[Event "CP.2004.Q.00010"]
[Site "IECG"]
[Date "2006.01.20"]
[Round "?"]
[White "Case, Rick"]
[Black "Lannaioli, Alfonsino"]
[Result "0-1"]
[WhiteElo "1986"]
[BlackElo "2056"]
[PlyCount "20"]
[EventDate "2006.01.20"]
[EventType "tourn (corr)"]
[EventCountry "GER"]
[SourceTitle "Corr 2024"]
[Source "ChessBase"]
[SourceDate "2023.10.19"]
[SourceVersion "1"]
[SourceVersionDate "2023.10.19"]
[SourceQuality "1"]

1. d4 d5 2. c4 e6 3. Nc3 c5 4. cxd5 exd5 5. Nf3 Nc6 6. g3 Nf6 7. Bg2 Be7 8. 0-0 0-0 9. Bg5 cxd4 10. Nxd4 h6 0-1

[Event "CFriend SH-2005-0-00043 email"]
[Site "Chessfriend.com"]
[Date "2005.10.31"]
[Round "1"]
[White "Gucin, Zafer"]
[Black "Lannaioli, Alfonsino"]
[Result "0-1"]
[WhiteElo "2115"]
[BlackElo "2082"]
[PlyCount "34"]
[EventDate "2005.10.31"]
[EventType "tourn (corr)"]
[EventRounds "6"]
[SourceTitle "Corr 2008"]
[Source "ChessBase"]
[SourceDate "2008.06.24"]
[SourceVersion "1"]
[SourceVersionDate "2008.06.24"]
[SourceQuality "1"]

1. e4 e5 2. d4 exd4 3. Qxd4 Nc6 4. Qe3 Nf6 5. Nc3 Bb4 6. Bd2 0-0 7. 0-0-0 Re8 8. Bc4 d6 9. f3 Na5 10. Be2 Be6 11. Nh3 Nc4 12. Bxc4 Bxc4 13. Nf4 a5 14. Qf2 a4 15. Kb1 c6 16. h4 b5 17. Qe1 d5 0-1

[Event "CFriend SH-2005-0-00043 email"]
[Site "Chessfriend.com"]
[Date "2005.10.31"]
[Round "1"]
[White "Lannaioli, Alfonsino"]
[Black "Aberbach Peltzman, Angel Sergio"]
[Result "1/2-1/2"]
[WhiteElo "2082"]
[BlackElo "2156"]
[PlyCount "50"]
[EventDate "2005.10.31"]
[EventType "tourn (corr)"]
[EventRounds "6"]
[SourceTitle "Corr 2008"]
[Source "ChessBase"]
[SourceDate "2008.06.24"]
[SourceVersion "1"]
[SourceVersionDate "2008.06.24"]
[SourceQuality "1"]

1. d4 Nf6 2. Nc3 d5 3. e4 dxe4 4. f3 exf3 5. Nxf3 Bg4 6. h3 Bxf3 7. Qxf3 c6 8. Be3 e6 9. Bd3 Nbd7 10. 0-0 Be7 11. Ne4 Qc7 12. c4 0-0-0 13. Rae1 Nxe4 14. Bxe4 Nf6 15. d5 exd5 16. cxd5 Nxd5 17. Bxd5 Rxd5 18. Qg4+ f5 19. Qxg7 Qd8 20. Bxa7 Bd6 21. Bf2 Qf8 22. Qxf8+ Rxf8 23. Rd1 Rxd1 24. Rxd1 Be5 25. b3 Bc7 1/2-1/2

[Event "CFriend SH-2005-0-00043 email"]
[Site "Chessfriend.com"]
[Date "2005.10.31"]
[Round "1"]
[White "Speisser, Patrick"]
[Black "Lannaioli, Alfonsino"]
[Result "1/2-1/2"]
[WhiteElo "2084"]
[BlackElo "2082"]
[PlyCount "93"]
[EventDate "2005.10.31"]
[EventType "tourn (corr)"]
[EventRounds "6"]
[SourceTitle "Corr 2008"]
[Source "ChessBase"]
[SourceDate "2008.06.24"]
[SourceVersion "1"]
[SourceVersionDate "2008.06.24"]
[SourceQuality "1"]

1. e4 e5 2. Nf3 Nc6 3. Nc3 Nf6 4. Bb5 Bb4 5. 0-0 0-0 6. d3 d6 7. Bg5 Bxc3 8. bxc3 Qe7 9. Nd2 h6 10. Bh4 Nd8 11. Bc4 Ne6 12. Bxe6 Bxe6 13. c4 b6 14. Nb1 g5 15. Bg3 h5 16. f3 h4 17. Bf2 Nh5 18. Nc3 f5 19. exf5 Rxf5 20. Ne4 Nf4 21. Be3 c6 22. c3 Raf8 23. Qd2 d5 24. cxd5 cxd5 25. Nf2 Qg7 26. Rae1 R5f7 27. Bxf4 gxf4 28. Kh1 Bf5 29. Rg1 Rc7 30. Nh3 Bg6 31. Re2 Qf6 32. Rge1 Re7 33. Rf1 Bh5 34. Ree1 Rg7 35. Rf2 Bg6 36. Rfe2 e4 37. dxe4 dxe4 38. fxe4 f3 39. Rf2 Bh5 40. e5 Qf5 41. e6 fxg2+ 42. Kg1 Qxh3 43. Rxf8+ Kxf8 44. e7+ Rxe7 45. Qh6+ Rg7 46. Qxh5 Qd7 47. Qh8+ 1/2-1/2

[Event "CFriend CP-2005-P-00036"]
[Site "Chessfriend.com"]
[Date "2005.10.01"]
[Round "1"]
[White "Vio, Mauro"]
[Black "Lannaioli, Alfonsino"]
[Result "0-1"]
[WhiteElo "1211"]
[BlackElo "2082"]
[PlyCount "84"]
[EventDate "2005.??.??"]
[EventType "tourn (corr)"]
[EventRounds "2"]
[SourceTitle "Corr 2008"]
[Source "ChessBase"]
[SourceDate "2008.06.24"]
[SourceVersion "1"]
[SourceVersionDate "2008.06.24"]
[SourceQuality "1"]

1. c4 e6 2. e4 d5 3. cxd5 exd5 4. e5 c5 5. Nf3 Nc6 6. Bb5 Nge7 7. 0-0 a6 8. Ba4 b5 9. Bc2 Bg4 10. h3 Bxf3 11. Qxf3 Nd4 12. Qd1 Nec6 13. Nc3 Be7 14. a4 b4 15. Ne2 0-0 16. Nxd4 Nxd4 17. d3 f6 18. exf6 Bxf6 19. Be3 Qd6 20. Re1 Be5 21. Rc1 Rf6 22. Qh5 Raf8 23. Bd1 g6 24. Qg4 h5 25. Qg5 Ne6 26. Qh4 Bxb2 27. Rc2 Be5 28. Bh6 R8f7 29. Rce2 Rf5 30. g4 g5 31. gxf5 gxh4 32. Rxe5 Nd4 33. Bf4 Qd7 34. Bxh5 Rxf5 35. Re8+ Rf8 36. Rxf8+ Kxf8 37. Re8+ Qxe8 38. Bd6+ Qe7 39. Bxe7+ Kxe7 40. Bd1 c4 41. dxc4 dxc4 42. f4 b3 0-1

[Event "IECG WC.2009.P.00018"]
[Site "IECG email"]
[Date "2005.02.28"]
[Round "?"]
[White "Altmann, Eduard"]
[Black "Lannaioli, Alfonsino"]
[Result "1-0"]
[WhiteElo "1814"]
[BlackElo "2058"]
[PlyCount "85"]
[EventDate "2005.02.28"]
[EventType "tourn (corr)"]
[EventRounds "6"]
[SourceTitle "Corr 2008"]
[Source "ChessBase"]
[SourceDate "2008.06.24"]
[SourceVersion "1"]
[SourceVersionDate "2008.06.24"]
[SourceQuality "1"]

1. d4 d5 2. c4 e6 3. Nc3 Nf6 4. Nf3 Be7 5. Bf4 0-0 6. e3 c5 7. dxc5 Bxc5 8. a3 Nc6 9. Qc2 Qa5 10. 0-0-0 Bd7 11. cxd5 Nxd5 12. Ng5 g6 13. Nge4 Nxc3 14. Qxc3 Qxc3+ 15. Nxc3 e5 16. Rxd7 exf4 17. Na4 Be7 18. exf4 Bf6 19. Rxb7 Na5 20. Rb5 Rac8+ 21. Kb1 Nc4 22. Bxc4 Rxc4 23. Nc5 Rxf4 24. f3 Rf5 25. Rc1 Rd8 26. Rc2 Rfd5 27. g3 Rc8 28. b4 Rd1+ 29. Ka2 Re8 30. Ne4 Bg7 31. Rb7 a5 32. Nc5 axb4 33. axb4 Rde1 34. Kb3 R1e3+ 35. Kc4 Rxf3 36. b5 h5 37. b6 Be5 38. Ra7 Rf1 39. b7 Bb8 40. Ra8 Rb1 41. Rc3 Kg7 42. Rb3 Rc1+ 43. Kb5 1-0

[Event "IECG CA.2005.0.00145"]
[Site "IECG email"]
[Date "2005.02.20"]
[Round "?"]
[White "Burkett, Max"]
[Black "Lannaioli, Alfonsino"]
[Result "0-1"]
[WhiteElo "2169"]
[BlackElo "2058"]
[PlyCount "80"]
[EventDate "2005.02.20"]
[EventType "tourn (corr)"]
[EventRounds "6"]
[SourceTitle "Corr 2008"]
[Source "ChessBase"]
[SourceDate "2008.06.24"]
[SourceVersion "1"]
[SourceVersionDate "2008.06.24"]
[SourceQuality "1"]

1. e4 e6 2. d4 d5 3. Nc3 Nf6 4. Bg5 dxe4 5. Nxe4 Be7 6. Bxf6 Bxf6 7. Nf3 Nd7 8. Bc4 a6 9. Bb3 b5 10. Qd3 Bb7 11. 0-0-0 0-0 12. c3 Be7 13. h4 c5 14. Neg5 Nf6 15. Bc2 c4 16. Qe2 b4 17. cxb4 Bxb4 18. Qxc4 Qa5 19. a3 Bd6 20. Qd3 Rfc8 21. b4 Rxc2+ 22. Kxc2 Bxb4 23. Qb3 Bxf3 24. Nxf3 Bd6 25. Rd3 Rb8 26. Qc4 Qd8 27. Rc3 Nd5 28. Rb1 Ra8 29. Kd1 Nxc3+ 30. Qxc3 h6 31. g3 Rc8 32. Qd3 Qc7 33. Nd2 Qa5 34. Rb3 Bf8 35. Nf3 Qc7 36. Ke2 a5 37. Qb5 Qa7 38. Kf1 a4 39. Qb7 Qxb7 40. Rxb7 Ra8 0-1

[Event "IECG CA.2005.0.00145"]
[Site "IECG email"]
[Date "2005.02.20"]
[Round "?"]
[White "Knap, Jerzy"]
[Black "Lannaioli, Alfonsino"]
[Result "0-1"]
[WhiteElo "2146"]
[BlackElo "2058"]
[PlyCount "108"]
[EventDate "2005.02.20"]
[EventType "tourn (corr)"]
[EventRounds "6"]
[SourceTitle "Corr 2008"]
[Source "ChessBase"]
[SourceDate "2008.06.24"]
[SourceVersion "1"]
[SourceVersionDate "2008.06.24"]
[SourceQuality "1"]

1. d4 d5 2. c4 e6 3. Nc3 Nf6 4. Nf3 Be7 5. Bg5 0-0 6. e3 Nbd7 7. Rc1 c6 8. Bd3 dxc4 9. Bxc4 Nd5 10. Bxe7 Qxe7 11. 0-0 Nxc3 12. Rxc3 e5 13. Qc2 exd4 14. exd4 Nb6 15. Re1 Qd8 16. Bb3 Nd5 17. Bxd5 Qxd5 18. Rc5 Qd8 19. h3 h6 20. Rce5 Be6 21. b3 Qd6 22. Qc5 Qxc5 23. dxc5 Rad8 24. R5e3 Rd5 25. Rc1 Rfd8 26. Kh2 g5 27. g4 Kg7 28. Kg2 Rd1 29. Rxd1 Rxd1 30. Kg3 Ra1 31. a4 Rd1 32. b4 Rb1 33. b5 cxb5 34. axb5 Bd5 35. b6 axb6 36. cxb6 Rxb6 37. Nd4 Kf6 38. f4 Rb4 39. fxg5+ hxg5 40. Nf3 Rb3 41. Rxb3 Bxb3 42. h4 gxh4+ 43. Nxh4 Ke5 44. Nf3+ Kd5 45. Kf4 b5 46. Ke3 b4 47. Ng5 Kc5 48. Kd2 Kd4 49. Nf3+ Ke4 50. Ne1 Bc4 51. Nc2 b3 52. Na3 Be6 53. g5 Kf4 54. Nb5 Kxg5 0-1